<?xml version="1.0" encoding="UTF-8"?>
<record
    xmlns:xsi="http://www.w3.org/2001/XMLSchema-instance"
    xsi:schemaLocation="http://www.loc.gov/MARC21/slim http://www.loc.gov/standards/marcxml/schema/MARC21slim.xsd"
    xmlns="http://www.loc.gov/MARC21/slim">

  <leader>02118agaaa2200325   4500</leader>
  <controlfield tag="001">1514</controlfield>
  <controlfield tag="003">IT-RoPAU</controlfield>
  <controlfield tag="005">20220918181258.0</controlfield>
  <controlfield tag="007">d cvaizq</controlfield>
  <controlfield tag="008">50131s9999||||xx ||| |     ||   ||und||</controlfield>
  <datafield tag="040" ind1=" " ind2=" ">
    <subfield code="a">IT-RoPAU</subfield>
    <subfield code="c">IT-RoPAU</subfield>
  </datafield>
  <datafield tag="041" ind1=" " ind2=" ">
    <subfield code="a">ITALIANO</subfield>
  </datafield>
  <datafield tag="100" ind1=" " ind2=" ">
    <subfield code="a">Dreyer Carl Theodor</subfield>
    <subfield code="g">Codice regista SPICS: 7100</subfield>
    <subfield code="9">42959</subfield>
  </datafield>
  <datafield tag="130" ind1=" " ind2=" ">
    <subfield code="a">PASSIONE DI GIOVANNA D'ARCO (LA)</subfield>
    <subfield code="9">48309</subfield>
  </datafield>
  <datafield tag="240" ind1=" " ind2=" ">
    <subfield code="a">PASSION DE JEANNE D'ARC (LA)</subfield>
    <subfield code="g">T1618</subfield>
  </datafield>
  <datafield tag="245" ind1=" " ind2=" ">
    <subfield code="a">PASSIONE DI GIOVANNA D'ARCO (LA)</subfield>
    <subfield code="c">Prodotto da: Warm D'Hermann -- Sceneggiatura: Dreyer Carl Theodor Delteil J. -- Diretto da: Dreyer Carl Theodor</subfield>
    <subfield code="p">PASSIONE DI GIOVANNA D'ARCO (LA) (Rif. Codice opera principale : 21514)</subfield>
  </datafield>
  <datafield tag="246" ind1=" " ind2=" ">
    <subfield code="a">PASSION DE JEANNE D'ARC (LA)</subfield>
  </datafield>
  <datafield tag="250" ind1=" " ind2=" ">
    <subfield code="a">Edizione Standard</subfield>
  </datafield>
  <datafield tag="260" ind1=" " ind2=" ">
    <subfield code="a">(FRANCIA)</subfield>
    <subfield code="b">LO DUCA / Distribuzione: RAI</subfield>
    <subfield code="g">"1959 (1&#xB0; ed.: 1983 ; Ed. Lingua Orig.: 1928)"</subfield>
  </datafield>
  <datafield tag="300" ind1=" " ind2=" ">
    <subfield code="a">VHS</subfield>
    <subfield code="b">sonoro, col.</subfield>
    <subfield code="c">81 minuti</subfield>
  </datafield>
  <datafield tag="508" ind1=" " ind2=" ">
    <subfield code="a">"Fotografia: Mate Rudolph; Sceneggiatura: Dreyer Carl Theodor Delteil J.; Scenografia: Victor-Hugo Jean; "</subfield>
  </datafield>
  <datafield tag="511" ind1=" " ind2=" ">
    <subfield code="a">"Falconetti Renee; Silvain; Simon Michel; Schutz Maurice; Artaud Antonin; Ayme Jean"</subfield>
  </datafield>
  <datafield tag="520" ind1=" " ind2=" ">
    <subfield code="a">GIOVANNA FATTA PRIGIONIERA A CAMPIEGNE VIENE GIUDICATA DAL TRIBIUNALE ECCLESIASTICO ESSENDO ACCUSATA DI ERESIA DOPO AVER RESISTITO A TUTTE LE PRESSIONI MORALI E ALLE TORTURE INFLITTELE VIENE CONDANNATA AL ROGO E BRUCIATA SULLA PUBBLICA PIAZZA IL 25 MAGGIO 1431 LA FOLLA INFEROCITA ASSALE LE GUARDIE MA LA RIBELLIONE VIENE CRUDELMENTE REPRESSA E' UNA RIEDIZIONE DEL FILM MUTODEL 1928 CON SOTTOTITOLI ITALIANI E COMMENTO MUSICALE IL FILM LASCIA RILEVARE COME LA CHIESA E' STATA ESTRANEA AL PROCESSO RISPETTANDO LA VERITA' STORICA E METTENDO IN RISALTO LA SANTITA' DELLA PROTAGONISTA E LA NOBILTA' E LA GRANDEZZA DELLA RELIGIONE CATTOLICA FILM IN BIANCO E NERO</subfield>
  </datafield>
  <datafield tag="538" ind1=" " ind2=" ">
    <subfield code="a">PAL, STEREO</subfield>
  </datafield>
  <datafield tag="546" ind1=" " ind2=" ">
    <subfield code="a">ITALIANO</subfield>
  </datafield>
  <datafield tag="650" ind1=" " ind2=" ">
    <subfield code="a">DRAMMATICO</subfield>
    <subfield code="e">FILMS [VHS]</subfield>
    <subfield code="x">Codice MATERIA SPICS: 9960</subfield>
    <subfield code="9">34083</subfield>
  </datafield>
  <datafield tag="700" ind1=" " ind2=" ">
    <subfield code="a">Dreyer Carl Theodor </subfield>
    <subfield code="e">(regista)</subfield>
    <subfield code="g">Codice regista SPICS: 7100</subfield>
    <subfield code="9">42959</subfield>
  </datafield>
  <datafield tag="700" ind1=" " ind2=" ">
    <subfield code="a">Dreyer Carl Theodor </subfield>
    <subfield code="e">(soggetto)</subfield>
    <subfield code="g">Codice Soggetto SPICS: 7100</subfield>
    <subfield code="9">52089</subfield>
  </datafield>
  <datafield tag="942" ind1=" " ind2=" ">
    <subfield code="c">VH</subfield>
    <subfield code="2">ddc</subfield>
  </datafield>
  <datafield tag="999" ind1=" " ind2=" ">
    <subfield code="c">107432</subfield>
    <subfield code="d">107432</subfield>
  </datafield>
  <datafield tag="952" ind1=" " ind2=" ">
    <subfield code="0">0</subfield>
    <subfield code="1">0</subfield>
    <subfield code="4">0</subfield>
    <subfield code="6">21514_000000000000000</subfield>
    <subfield code="7">1</subfield>
    <subfield code="a">SPICS</subfield>
    <subfield code="b">SPICS</subfield>
    <subfield code="d">2015-01-31</subfield>
    <subfield code="l">0</subfield>
    <subfield code="o">21514</subfield>
    <subfield code="r">2015-01-31 00:00:00</subfield>
    <subfield code="w">2015-01-31</subfield>
    <subfield code="y">VH</subfield>
    <subfield code="z">Progr. Ins.: 1310 / N.Vol.:1 / Copie: 1 / Pag.:0 / Copia rara: n.d. / date import: 1.2.2015 / By Epidotti, Trombetti, Vaglietti</subfield>
  </datafield>
</record>
